00247nam a2200097Ia 4500008004100000100001900041245002600060260003700086300000800123650001800131191201s2019 xx 000 0 und d aSHARMA, Rajani 0aBharitya k Char Sopan aN. DelhibHaryana Granth Academy a136 aGeneral Books